Los diccionarios de frecuencia y la segmentación en español (Record no. 726415)

000 -CABECERA
Campo de control de longitud fija 00489nab a2200145Ia 4500
003 - IDENTIFICADOR DEL NÚMERO DE CONTROL
Campo de control ES-SlBCS
005 - FECHA Y HORA DE LA ÚLTIMA TRANSACCIÓN
Campo de control 20210601145550.0
008 - CÓDIGOS DE INFORMACIÓN DE LONGITUD FIJA
Campo de control de longitud fija 140529s1980 xxu||||| |||| 00| 0 spa d
041 ## - CÓDIGO DE LENGUA
Código de lengua del texto/banda sonora o título independiente spa
100 1# - PUNTO DE ACCESO PRINCIPAL-NOMBRE DE PERSONA
Nombre de persona Morales de Walters, Amparo
9 (RLIN) 313947
245 00 - MENCIÓN DE TÍTULO
Título Los diccionarios de frecuencia y la segmentación en español
Mención de responsabilidad, etc. Amparo Morales De Walters
650 04 - PUNTO DE ACCESO ADICIONAL DE MATERIA-TÉRMINO DE MATERIA
Término de materia o nombre geográfico como elemento inicial Diccionarios
9 (RLIN) 24130
773 0# - ENLACE AL DOCUMENTO FUENTE
Título Revista Española de Lingüistica
Parte(s) relacionada(s) vol. 10, nº. 2, 1980, págs. 467-474
Número de control del registro relacionado Rev732
942 ## - ENTRADA DE ELEMENTOS AGREGADOS (KOHA)
Koha [por defecto] tipo de item Artículos de revista
Holdings
Suprimido Perdido Estropeado No para préstamo Localización permanente Localización actual Localización en estantería Fecha adquisición Préstamos totales Fecha última consulta Fecha del precio de reemplazo Tipo de item de Koha
        San Esteban San Esteban Depósito de revistas 11/07/2014   11/07/2014 11/07/2014 Artículos de revista

Bibliotecas Dominicos Provincia Hispania, 2016

Con tecnología Koha